000 00237 a2200097 4500
001 54214
100 _aPerreault,William.D
245 _aEssentialsof Marketing
260 _aIslamabad
_bNational Book Foundation
_c
090 _c33808
_d33808
942 _aNUST-CAE
_cM
_c26456
999 _c289287
_d289287